| 000 | 00955cab a2200277 4500 | ||
|---|---|---|---|
| 001 | ABS54038 | ||
| 008 | 090401t1995 xxu||||| |||| 00| 0 eng d | ||
| 035 | _a(Sirsi) u8032 | ||
| 041 | _aeng | ||
| 245 | _aHunter and others v Canary Wharf Ltd and London Docklands Development Corporation | ||
| 260 | _c1995 | ||
| 350 | _a0 | ||
| 490 |
_aNew Law Journal _v145(6719) 10 November 1995, 1645 |
||
| 520 | _aCA 12 October 1995. Interference with television reception is not deemed a nuisance, but dust from building works can prove a nuisance depending on the extent of physical damage. | ||
| 650 | _aCANARY WHARF | ||
| 650 | _aDUST | ||
| 650 | _aHUNTER AND OTHERS V CANARY WHARF LTD | ||
| 650 | _aHUNTER AND OTHERS V LONDON DOCKLANDS DEVELOPMENT CORPORATION | ||
| 650 | _aINTERFERENCE | ||
| 650 | _aNUISANCE | ||
| 650 | _aTELEVISION RECEPTION | ||
| 650 | _aTELEVISION SIGNALS | ||
| 690 | _aLAW-CASE LAW | ||
| 942 | _n0 | ||
| 948 | _c04/03/1997 | ||
| 999 |
_c4893 _d4893 |
||